000 00618nam a2200253Ia 4500
003 OSt
005 20220912152538.0
006 a|||||r|||| 00| 0
007 ta
008 220909b |||||||| |||| 00| 0 eng d
024 _a42281
037 _cTextual
040 _aCSL
_beng
_cCSL
041 _aeng
082 _aF594:E3, K9
100 _aKearney P C Ed.
245 0 _aDegradation of herbicides
260 _c1969
300 _ap.
_ccm.
650 _aPoison
700 _a Kaufmman D D Ed.
942 _hF594:E3, K9
_cTEXL
_2CC
999 _c88289
_d88289